| 000 | 00706cab a2200241 4500 | ||
|---|---|---|---|
| 001 | WB2737-64 | ||
| 008 | 090401t1991 xxu||||| |||| 00| 0 eng d | ||
| 035 | _a(Sirsi) u59944 | ||
| 041 | _aeng | ||
| 245 | _aWatch what you say and write | ||
| 260 | _c1991 | ||
| 350 | _a0 | ||
| 490 |
_aCS Monthly : General Practice _v(1) September 1991, 2(1) |
||
| 520 | _aReviews the Property Misdescriptions Act 1991 which is due to come into force soon. | ||
| 650 | _aESTATE AGENCY | ||
| 650 | _aMISDESCRIPTION | ||
| 650 | _aPROPERTY MISDESCRIPTIONS ACT 1991 | ||
| 650 | _aPROPERTY PARTICULARS | ||
| 650 | _aSALES PARTICULRAS | ||
| 690 | _aPROPERTY LAW AND PRACTICE | ||
| 942 | _n0 | ||
| 948 | _c04/03/1997 | ||
| 999 |
_c36887 _d36887 |
||